Normal view
MARC view
- Educación moral
Entry Materia
001 - NÚMERO DE CONTROL DEL REGISTRO
- campo de control: 51633
003 - IDENTIFICADOR DE NUMERO DE CONTROL
- campo de control: UPN
005 - FECHA Y HORA DE LA ÚLTIMA TRANSACCIÓN
- campo de control: 20240418161041.0
008 - DATOS DE LONGITUD FIJA
- campo de control de longitud fija: 240418|| acn||babn | a|a d
040 ## - FUENTE DE LA CATALOGACIÓN
- Centro catalogador de origen: MX-MxUPN
- Lengua de catalogación: spa
- Agencia de transcripción: MX-MxUPN
150 ## - ENCABEZAMIENTO - TEMÁTICO
- Término de materia o nombre geográfico como elemento inicial: Educación moral
- Subdivisión de forma: Libros de texto
670 ## - FUENTE EN LA QUE SE LOCALIZARON DATOS
- Cita de la fuente: Autoridades BGTQ, 18 abril de 2024:
- Información localizada: (Educación moral - Libros de texto)
902 ## - CATALOGADOR
- Catalogador: MaríaRobles/180424
